[Event "Santa Catarina State-ch (Women) 35th"]
[Site "Rio Negrinho"]
[Date "2021.10.21"]
[Round "1"]
[White "Souza, Ana Luiza Ribeiro"]
[Black "Fuchter, Julia"]
[Result "0-1"]
[WhiteElo "1133"]
[BlackElo "1425"]
[PlyCount "124"]
[EventDate "2021.10.21"]
[EventType "swiss"]
[EventRounds "7"]
[EventCountry "BRA"]
[SourceTitle "EXT 2023"]
[Source "ChessBase"]
[SourceDate "2022.10.05"]
[SourceVersion "1"]
[SourceVersionDate "2022.10.05"]
[SourceQuality "1"]

1. e4 e5 2. Nf3 Nc6 3. Bc4 Bc5 4. c3 Nf6 5. d4 exd4 6. cxd4 Bb4+ 7. Bd2 Bxd2+ 8. Nbxd2 d5 9. exd5 Nxd5 10. 0-0 0-0 11. h3 Nf4 12. Nb3 Qf6 13. Qd2 Nxh3+ 14. Kh1 Bg4 15. Be2 Ng5 16. Nxg5 Bxe2 17. Qxe2 Qxg5 18. Rac1 Rfe8 19. Qc4 Rad8 20. Rfe1 Rxe1+ 21. Rxe1 h6 22. Kg1 Qd5 23. Qd3 Qd7 24. Qc4 Nxd4 25. Nxd4 Qxd4 26. Qxc7 Qd7 27. Re7 Qd1+ 28. Kh2 Qh5+ 29. Kg3 Rd3+ 30. f3 Qg5+ 31. Kh3 Rd1 32. Re8+ Kh7 33. Qc2+ f5 34. Qxd1 Qh5+ 35. Kg3 Qxe8 36. Qd5 Qb8+ 37. Kf2 Qc8 38. Qd3 Qc5+ 39. Ke2 Qe5+ 40. Kf1 a6 41. Qc2 Qb5+ 42. Kf2 Qb6+ 43. Kf1 Kg6 44. b3 Qc6 45. Qe2 Qb5 46. Qxb5 axb5 47. Kf2 Kg5 48. g3 f4 49. Kg2 b4 50. g4 Kf6 51. Kf2 Ke5 52. Ke2 Kd4 53. Kd2 g5 54. Ke2 Kc3 55. Ke1 Kb2 56. Kd2 Kxa2 57. Kc2 b6 58. Kc1 Kxb3 59. Kb1 Ka3 60. Ka1 b3 61. Kb1 b2 62. Kc2 Ka2 0-1

[Event "Santa Catarina-ch (Women)"]
[Site "Lages"]
[Date "2020.02.15"]
[Round "3"]
[White "Souza, Ana Luiza Ribeiro"]
[Black "Decezari, Alica Emanoelly"]
[Result "0-1"]
[WhiteElo "1155"]
[BlackElo "1263"]
[PlyCount "100"]
[EventDate "2020.02.14"]
[EventType "swiss"]
[EventRounds "6"]
[EventCountry "BRA"]
[SourceTitle "CBM 195 Extra"]
[Source "ChessBase"]
[SourceDate "2020.05.31"]
[SourceVersion "1"]
[SourceVersionDate "2020.05.31"]
[SourceQuality "1"]

1. e4 c5 2. Nf3 Nf6 3. Nc3 Nc6 4. d4 cxd4 5. Nxd4 d6 6. Nf3 e6 7. Bg5 Be7 8. Be2 0-0 9. 0-0 b6 10. Bb5 Bb7 11. a3 Qc7 12. Re1 Rad8 13. Qe2 d5 14. exd5 Nxd5 15. Nxd5 Rxd5 16. Bxe7 Nxe7 17. Rad1 Rfd8 18. Bc4 Rxd1 19. Rxd1 Rxd1+ 20. Qxd1 Bxf3 21. gxf3 g6 22. Bb3 Nf5 23. Qd3 Qe7 24. Qe4 Qg5+ 25. Qg4 Qxg4+ 26. fxg4 Nd4 27. Kf1 Kf8 28. h3 a5 29. Ke1 Ke7 30. Kd2 Kd6 31. Kd3 Nxb3 32. cxb3 Kd5 33. Ke3 b5 34. Kd3 b4 35. f3 f6 36. h4 h6 37. Ke3 e5 38. Kd3 f5 39. gxf5 gxf5 40. Ke3 e4 41. f4 Kc5 42. h5 Kd5 43. a4 Kc5 44. Kd2 Kd4 45. Ke2 e3 46. Kd1 Kd3 47. Kc1 e2 48. Kb1 e1Q+ 49. Ka2 Qe6 50. Ka1 Kc2 0-1